The history of Tom Jones : (Record no. 254)

MARC details
000 -LEADER
fixed length control field 00780cam a22002651 4500
005 - DATE AND TIME OF LATEST TRANSACTION
control field 20260322212012.0
008 - FIXED-LENGTH DATA ELEMENTS--GENERAL INFORMATION
fixed length control field data
010 ## - LIBRARY OF CONGRESS CONTROL NUMBER
LC control number 55010344
040 ## - CATALOGING SOURCE
Original cataloging agency DLC
Transcribing agency DLC
Modifying agency DLC
050 00 - LIBRARY OF CONGRESS CALL NUMBER
Classification number PR3454
Item number .G72 vol. 37
Classification number PR3454
082 00 - DEWEY DECIMAL CLASSIFICATION NUMBER
Classification number 823.5
001 - CONTROL NUMBER
control field data
100 1# - MAIN ENTRY--PERSONAL NAME
Personal name Fielding, Henry,
Dates associated with a name 1707-1754.
245 14 - TITLE STATEMENT
Title The history of Tom Jones :
Remainder of title a foundling /
Statement of responsibility, etc. Henry Fielding.
260 ## - PUBLICATION, DISTRIBUTION, ETC.
Place of publication, distribution, etc. Chicago,
Name of publisher, distributor, etc. Encyclopaedia Brittannica
Date of publication, distribution, etc. [1955, c1948]
300 ## - PHYSICAL DESCRIPTION
Extent xv, 405 p.
Dimensions 25 cm.
490 0# - SERIES STATEMENT
Series statement Great books of the Western World, v. 37
650 #0 - SUBJECT ADDED ENTRY--TOPICAL TERM
Topical term or geographic name entry element Identity (Psychology)
Form subdivision Fiction.
650 #0 - SUBJECT ADDED ENTRY--TOPICAL TERM
Topical term or geographic name entry element Foundlings
Form subdivision Fiction.
650 #0 - SUBJECT ADDED ENTRY--TOPICAL TERM
Topical term or geographic name entry element Young men
Form subdivision Fiction.
651 #0 - SUBJECT ADDED ENTRY--GEOGRAPHIC NAME
Geographic name England
Form subdivision Fiction.
655 #7 - INDEX TERM--GENRE/FORM
Genre/form data or focus term Humorous fiction.
Source of term gsafd
655 #7 - INDEX TERM--GENRE/FORM
Genre/form data or focus term Bildungsromans.
Source of term gsafd
740 0# - ADDED ENTRY--UNCONTROLLED RELATED/ANALYTICAL TITLE
Uncontrolled related/analytical title Tom Jones.
Holdings
Withdrawn status Lost status Damaged status Not for loan Home library Current library Shelving location Date acquired Total checkouts Full call number Barcode Date last seen Price effective from Koha item type
        Centerville Centerville General stacks 22/03/2026   823.5 BC0010263 22/03/2026 22/03/2026 Books